Who invented it? - Statistics

General Stats
  • This quiz has been taken 25 times
  • The average score is 6 of 12
Answer Stats
Picture Hint Answer % Correct
Telephone Alexander Graham Bell
91%
Airplane Wright brothers
91%
Lightning Rod Benjamin Franklin
77%
Radio Guglielmo Marconi
68%
Steam Engine James Watt
64%
Phonograph Thomas Edison
64%
Braille Louis Braille
59%
Voltaic Pile (Battery) Alessandro Volta
32%
Alcohol Thermometer Daniel Gabriel Fahrenheit
27%
Telescope Hans Lippershey
23%
Spinning Jenny James Hargreaves
0%
X-ray Wilhelm Conrad Röntgen
0%
No matching quizzes found
Score Distribution
Percent of People with Each Score
Percentile by Number Answered
Your Score History
You have not taken this quiz